000 01299namaa22003131i 4500
005 20260625125218.0
008 260625s1995 ua a|||frm||| 000 0 eng d
040 _aEG-GICUC
_beng
_cEG-GICUC
_dEG-GICUC
_erda
041 0 _aeng
_beng
_bara
049 _aDeposite
097 _aM.Sc
099 _aCai01.11.15.M.Sc.1995.Ab.I.
100 0 _aAbeer Maher Atta,
_epreparation.
245 1 0 _aIntrauterine Candida Infection And The Effect On The Outcome Of Pregnancy /
_cBy Abeer Maher Atta; Supervised By Prof. Dr. Tharwat EL Ahwany, Prof. Dr. Mostafa M. Asem.
246 1 5 _aإصابة داخل الرحم بالكانديدا وتأثير ذلك على ناتج الحمل /
264 0 _c1995.
300 _a100 pages :
_billustrations ;
_c30 cm. +
336 _2rda content
_atext
337 _2rdamedia
_aUnmediated
338 _2rdacarrier
_avolume
502 _aThesis (M.Sc.) -Cairo University, 1995.
504 _aBibliography: pages 100-123.
653 0 _aObstetrics And Gynecology
700 0 _aTharwat EL Ahwany
_ethesis advisor.
700 0 _aMostafa M. Asem
_ethesis advisor.
900 _DDepartment of Obstetrics And Gynecology
_FFaculty of Medicine
_UCairo University
_b1995
_cTharwat EL Ahwany
_cMostafa M. Asem
905 _aEman El gebaly
942 _2ddc
_cTH
_e21
_n0
999 _c180618